Příručka čerpací techniky

Enregistré dans:
Détails bibliographiques
Format: Livre
Langue:tchèque
Publié: Praha : SNTL, 1968
Édition:1. vyd.
Sujets:
Tags: Ajouter un tag
Pas de tags, Soyez le premier à ajouter un tag!

MARC

LEADER 00000nam a22000003a 4500
001 stu83237
005 20150408175401.0
008 040121s1968----cs------------------cze-d
040 |a STU  |b slo 
041 0 |a cze 
044 |a cs 
080 |a 621.65/.68 
245 |a Příručka čerpací techniky 
250 |a 1. vyd. 
260 |a Praha :  |b SNTL,  |c 1968 
300 |a 434 s 
650 7 |a čerpacie zariadenia  |2 stusub 
996 |b 284J015744  |c J*10505  |l JJSK  |s A  |a 24  |w stu83237_0001 
996 |b 284J015745  |c J*10506  |l JJSK  |s A  |a 24  |w stu83237_0002